000 00689nam a22001815i 4500
001 159956
003 ES-MaACL
005 20250804012827.0
008 950206s1875 sp |||| | spa d
040 _aCLM
_bspa
_cCCPB | PA2
100 1 _aMoner y Siscar, Joaquín Manuel.
_9130052
245 1 0 _aBiología del alma
_b: historia fundamental de la conciencia humana ó psicología, lógica y ética /
_cpor Joaquin Manuel Moner y Siscar...
260 _aRivagorza-Fonz :
_bEstablecimiento literario, Piadoso y Tipográfico de Cervuna,
_c1875.
300 _a446 p. ;
_c17 cm.
650 7 _aMetafísica
_2embne
_915012
852 _aES-MaACL
_jD-4916
_z-- Rust.
999 _c159956
_d159956